[Event "32.Schlosspark-Open"]
[Site "Wiesbaden-Biebrich"]
[Date "2023.08.25"]
[Round "3.56"]
[White "Davidov, Georgi"]
[Black "Donecker, Stefan"]
[Result "1-0"]
[WhiteElo "1904"]
[BlackElo "1695"]
[PlyCount "89"]
[EventDate "2023.??.??"]
[WhiteTeam "SC Rotenburg"]
[BlackTeam "SAbt TuS Dotzheim"]

1. e4 c5 2. Nf3 e6 3. b3 d5 4. exd5 exd5 5. d4 Nf6 6. Bb2 Nc6 7. Bb5 Be6 8. O-O Be7 9. Ng5 O-O 10. Nxe6 fxe6 11. Qe2 Nxd4 12. Bxd4 cxd4 13. Qxe6+ Kh8 14. Nd2 Bb4 15. Nf3 Bc3 16. Rad1 a6 17. Bd3 Qc7 18. Ng5 Rae8 19. Qh3 g6 20. Ne6 Rxe6 21. Qxe6 Qg7 22. h3 Bb4 23. Qb6 Bc3 24. f4 Ne4 25. Qe6 Qf7 26. Qe5+ Kg8 27. Bxe4 dxe4 28. Qxe4 Re8 29. Qd3 b5 30. f5 g5 31. Rf3 Qf6 32. g4 Re1+ 33. Rxe1 Bxe1 34. Qe2 Bb4 35. Qe6+ Kg7 36. Kf2 Bd2 37. Ke2 Bf4 38. Qxf6+ Kxf6 39. c3 Be5 40. cxd4 Bxd4 41. Rd3 Bc5 42. Rd7 h6 43. Rc7 Bb4 44. Rc6+ Ke5 45. Rxh6 1-0

[Event "32.Schlosspark-Open"]
[Site "Wiesbaden-Biebrich"]
[Date "2023.08.25"]
[Round "3.57"]
[White "Richter, Johanna"]
[Black "Berberich, Christoph"]
[Result "0-1"]
[WhiteElo "1546"]
[BlackElo "1898"]
[PlyCount "53"]
[EventDate "2023.??.??"]
[WhiteTeam "Sfr.Heidesheim"]
[BlackTeam "SK Freiburg-Zähringen 1887 e.V."]

1. Nf3 c5 2. g3 Nf6 3. Bg2 g6 4. O-O Bg7 5. d4 cxd4 6. Nxd4 O-O 7. Nc3 Nc6 8. Nb3 d6 9. Be3 Ng4 10. Bf4 h5 11. a4 Be6 12. Rb1 Rc8 13. Nb5 Re8 14. h3 Nge5 15. N3d4 Bd7 16. c3 Nc4 17. Bc1 Qb6 18. Bd5 Nxd4 19. Nxd4 Bxh3 20. Re1 Na3 21. Ra1 Bxd4 22. Kh2 Bxf2 23. Kxh3 Bxe1 24. Bxf7+ Kxf7 25. Qd5+ e6 26. Qf3+ Kg8 27. Be3 0-1

[Event "32.Schlosspark-Open"]
[Site "Wiesbaden-Biebrich"]
[Date "2023.08.25"]
[Round "3.58"]
[White "Schwarz, Jochen"]
[Black "Gärtner, Johannes"]
[Result "1/2-1/2"]
[WhiteElo "1880"]
[BlackElo "1532"]
[PlyCount "38"]
[EventDate "2023.??.??"]
[WhiteTeam "SAbt SV Werder Bremen"]
[BlackTeam "Sfr.Mainz 1928"]

1. e4 e5 2. Nf3 Nc6 3. c3 Nf6 4. d4 exd4 5. e5 Qe7 6. cxd4 d6 7. Bb5 Bd7 8. Bxc6 Bxc6 9. O-O dxe5 10. Nxe5 O-O-O 11. Nxc6 bxc6 12. Qa4 Qb4 13. Qxc6 Qxd4 14. Qa6+ Kb8 15. Be3 Rd6 16. Qe2 Qd3 17. Qf3 Qd5 18. Qe2 Qd3 19. Qf3 Qd5 1/2-1/2

[Event "32.Schlosspark-Open"]
[Site "Wiesbaden-Biebrich"]
[Date "2023.08.25"]
[Round "3.59"]
[White "Metzner, Luis"]
[Black "Kobs, Stephan"]
[Result "1/2-1/2"]
[WhiteElo "1679"]
[BlackElo "1877"]
[PlyCount "60"]
[EventDate "2023.??.??"]
[WhiteTeam "SV Lahn Limburg"]
[BlackTeam "TSG 1846 Bretzenheim/ZMO"]

1. d4 d5 2. c4 e5 3. dxe5 d4 4. Nf3 Nc6 5. a3 Be6 6. e3 dxe3 7. Qxd8+ Rxd8 8. Bxe3 Nge7 9. Be2 Ng6 10. O-O Be7 11. Ng5 Ngxe5 12. Nxe6 fxe6 13. Bh5+ g6 14. Be2 Nd4 15. Bxd4 Rxd4 16. b3 O-O 17. Nc3 c6 18. Rfd1 Rxd1+ 19. Nxd1 Rd8 20. Ne3 Rd2 21. Kf1 Nd3 22. Rd1 Rxd1+ 23. Bxd1 Bxa3 24. Ke2 Ne5 25. Nc2 Bb2 26. Ke3 Kf7 27. Ke4 Nd7 28. Nb4 Nc5+ 29. Ke3 a5 30. Nd3 Nxd3 1/2-1/2

[Event "32.Schlosspark-Open"]
[Site "Wiesbaden-Biebrich"]
[Date "2023.08.25"]
[Round "3.60"]
[White "Müller, Riyanna"]
[Black "John, Volkmar"]
[Result "1/2-1/2"]
[WhiteElo "1760"]
[BlackElo "1641"]
[PlyCount "87"]
[EventDate "2023.??.??"]
[WhiteTeam "SC Landskrone"]
[BlackTeam "SK Herborn 1946"]

1. e4 c5 2. c3 d5 3. exd5 Qxd5 4. d4 Nf6 5. Nf3 Bg4 6. Be2 e6 7. Be3 cxd4 8. cxd4 Nc6 9. Nc3 Qd6 10. h3 Bh5 11. O-O Be7 12. Rc1 O-O 13. a3 Rac8 14. Qd2 Nd5 15. Ne4 Qb8 16. Nc5 Rfd8 17. b4 b6 18. Nd3 Bf6 19. Nf4 Nxf4 20. Bxf4 Qb7 21. Be3 Nxd4 22. Nxd4 Bxe2 23. Rxc8 Qxc8 24. Qxe2 Bxd4 25. Rd1 e5 26. Kh1 Qe6 27. Rd3 h6 28. Qd1 Rd5 29. f4 f6 30. fxe5 fxe5 31. Rd2 Qd7 32. Qf3 Rd6 33. Qd1 Kf8 34. Qf3+ Ke7 35. Re2 Rf6 36. Qg3 g5 37. Bxd4 Qxd4 38. Rxe5+ Re6 39. Rxe6+ Kxe6 40. Qb3+ Kf6 41. Qf3+ Ke5 42. Qf8 Qd1+ 43. Kh2 Qd6 44. Qf3 1/2-1/2

[Event "32.Schlosspark-Open"]
[Site "Wiesbaden-Biebrich"]
[Date "2023.08.25"]
[Round "3.61"]
[White "Sreeramulu, Aarush"]
[Black "Kalina, Lena"]
[Result "1-0"]
[WhiteElo "1561"]
[BlackElo "1750"]
[PlyCount "75"]
[EventDate "2023.??.??"]
[WhiteTeam "SK Marburg 1931/72"]
[BlackTeam "SC Landskrone"]

1. d4 d5 2. c4 c6 3. Nc3 Nf6 4. cxd5 cxd5 5. Nf3 Nc6 6. Bf4 a6 7. e3 e6 8. Bd3 Bd6 9. Bxd6 Qxd6 10. O-O O-O 11. a3 Bd7 12. Na4 Na5 13. Nc5 Bb5 14. Bxb5 axb5 15. b4 Nc4 16. Nxb7 Qc6 17. Nc5 Nxa3 18. Ne5 Qc7 19. Qd3 Nc4 20. f4 Ra7 21. Rxa7 Qxa7 22. f5 exf5 23. Rxf5 Qa1+ 24. Kf2 Nxe5 25. dxe5 Ng4+ 26. Kg3 Nxe5 27. Qxd5 Qe1+ 28. Kh3 Qxe3+ 29. g3 Ng6 30. Nd7 Ne7 31. Rxf7 Qh6+ 32. Kg2 Qd2+ 33. Qxd2 Rxf7 34. Qa2 Ng6 35. Qa8+ Nf8 36. Nxf8 Rxf8 37. Qd5+ Kh8 38. Qxb5 1-0

[Event "32.Schlosspark-Open"]
[Site "Wiesbaden-Biebrich"]
[Date "2023.08.25"]
[Round "3.62"]
[White "Fang, Borui"]
[Black "Gürtler, Karlheinz"]
[Result "0-1"]
[WhiteElo "1415"]
[BlackElo "1865"]
[PlyCount "96"]
[EventDate "2023.??.??"]
[WhiteTeam "SV Oberursel"]
[BlackTeam "SC Ober-Ramstadt"]

1. e4 e5 2. Nc3 Nf6 3. f4 d5 4. fxe5 Nxe4 5. Qf3 f5 6. d3 Nxc3 7. bxc3 d4 8. Qg3 Nc6 9. Be2 Be6 10. Bf3 dxc3 11. Ne2 Nb4 12. O-O Bc5+ 13. Kh1 O-O 14. Bh6 Qd7 15. Nf4 Rae8 16. a3 Nxc2 17. Nxe6 Rxe6 18. Bd5 Rf7 19. Bxe6 Qxe6 20. Rac1 Nd4 21. Qg5 Qxh6 22. Qd8+ Rf8 23. Qd5+ Ne6 24. Rxc3 Bb6 25. Qxb7 Qd2 26. Qc6 Nd4 27. Qc4+ Kh8 28. Rcc1 Qh6 29. Qb4 Re8 30. Qa4 Qe6 31. Rce1 g6 32. Rf4 c5 33. h4 Rd8 34. Rf2 Nc6 35. Qc4 Qxc4 36. dxc4 Rd4 37. e6 Rxh4+ 38. Kg1 Ne7 39. Rfe2 Rxc4 40. Rd1 Rd4 41. Rxd4 cxd4 42. Kh2 Kg7 43. Kg3 Kf6 44. Kf3 Nd5 45. g4 fxg4+ 46. Kxg4 h5+ 47. Kh4 g5+ 48. Kg3 Ne3 0-1

[Event "32.Schlosspark-Open"]
[Site "Wiesbaden-Biebrich"]
[Date "2023.08.25"]
[Round "3.63"]
[White "Jansen, Malte"]
[Black "Hipler, Andreas"]
[Result "1/2-1/2"]
[WhiteElo "1534"]
[BlackElo "1770"]
[PlyCount "96"]
[EventDate "2023.??.??"]
[WhiteTeam "SJ Herborn 1998"]
[BlackTeam "SK Gau-Algesheim"]

1. e4 c6 2. d4 d5 3. exd5 cxd5 4. Bd3 Nc6 5. c3 Nf6 6. h3 e6 7. Nf3 Bd6 8. Bg5 h6 9. Bxf6 Qxf6 10. Nbd2 O-O 11. O-O e5 12. dxe5 Nxe5 13. Nxe5 Bxe5 14. Nf3 Bc7 15. Bc2 Qd6 16. Re1 Bd7 17. Re5 Bc6 18. Qd3 g6 19. Rae1 Rae8 20. Rxe8 Bxe8 21. g3 Bd7 22. Kg2 Rd8 23. Nd4 Qf6 24. Bb3 Bb6 25. Re2 Bc6 26. Qd2 Kg7 27. Re3 Rd7 28. Rf3 Qe5 29. Qe3 Re7 30. Qxe5+ Rxe5 31. Rd3 Kf6 32. Kf3 Re1 33. Re3 Rxe3+ 34. Kxe3 Ke5 35. f4+ Kd6 36. Kf3 Bd7 37. g4 Bd8 38. Bc2 g5 39. Nf5+ Bxf5 40. Bxf5 f6 41. fxg5 fxg5 42. Ke3 Ke5 43. Bc8 b6 44. Bb7 Be7 45. b3 a5 46. a4 Bc5+ 47. Kf3 Ba3 48. Ke3 Bc5+ 1/2-1/2

[Event "32.Schlosspark-Open"]
[Site "Wiesbaden-Biebrich"]
[Date "2023.08.25"]
[Round "3.64"]
[White "Ivkin, Michael"]
[Black "Neininger, Sarah"]
[Result "1/2-1/2"]
[WhiteElo "1818"]
[BlackElo "1494"]
[PlyCount "66"]
[EventDate "2023.??.??"]
[WhiteTeam "Hamburg"]
[BlackTeam "VSG 1880 Offenbach"]

1. d4 d5 2. Nf3 Nf6 3. e3 e6 4. Bd3 Bd6 5. Nbd2 c5 6. b3 cxd4 7. exd4 O-O 8. Ne5 b6 9. O-O Ba6 10. Qe2 Bxd3 11. Qxd3 Qc7 12. Bb2 Nc6 13. Nxc6 Qxc6 14. Rac1 Rfe8 15. f4 Qc7 16. g3 a5 17. a4 Bb4 18. c3 Bd6 19. Rc2 Rac8 20. Rfc1 Qe7 21. Qb5 Ng4 22. Qe2 Nh6 23. Nf3 f6 24. Re1 Nf7 25. c4 Bb4 26. Rec1 dxc4 27. Rxc4 Rxc4 28. Rxc4 Bd6 29. Qc2 e5 30. fxe5 fxe5 31. dxe5 Nxe5 32. Nxe5 Bxe5 33. Bxe5 Qxe5 1/2-1/2

[Event "32.Schlosspark-Open"]
[Site "Wiesbaden-Biebrich"]
[Date "2023.08.25"]
[Round "3.65"]
[White "Meyer-Jany, Marcel"]
[Black "Müller, Jens"]
[Result "1-0"]
[WhiteElo "1743"]
[BlackElo "1427"]
[PlyCount "57"]
[EventDate "2023.??.??"]
[WhiteTeam "SK Herborn 1946"]
[BlackTeam "SV 1920 Hofheim"]

1. d4 Nf6 2. c4 e6 3. Nc3 Bb4 4. Qc2 d5 5. a3 Bxc3+ 6. Qxc3 h6 7. Nf3 O-O 8. Bf4 a5 9. h3 Na6 10. e3 c6 11. Bd3 dxc4 12. Qxc4 Qd5 13. Qc2 Qd8 14. O-O Qb6 15. Ne5 Nd7 16. Nc4 Qd8 17. Bd6 Re8 18. Ne5 Nf6 19. Bc5 Nxc5 20. Qxc5 Qd5 21. b4 Nd7 22. Nxd7 Bxd7 23. Rfc1 Qxc5 24. bxc5 e5 25. Rab1 Rab8 26. Rc4 exd4 27. Rxd4 Red8 28. Rd1 g6 29. Be4 1-0

[Event "32.Schlosspark-Open"]
[Site "Wiesbaden-Biebrich"]
[Date "2023.08.25"]
[Round "3.66"]
[White "Zeyen, Helmut"]
[Black "Traut, Stefan"]
[Result "1/2-1/2"]
[WhiteElo "1799"]
[BlackElo "1543"]
[PlyCount "102"]
[EventDate "2023.??.??"]
[WhiteTeam "Wiesbadener SV 1885"]
[BlackTeam "SF Heusenstamm"]

1. e4 d5 2. exd5 Qxd5 3. Nc3 Qa5 4. d4 c6 5. Bc4 e6 6. Bd2 Qc7 7. Nf3 Nf6 8. Ne5 Bd6 9. Qe2 Nbd7 10. f4 b6 11. O-O O-O 12. Rae1 Bb7 13. Bd3 a6 14. Nxd7 Qxd7 15. Ne4 Nxe4 16. Bxe4 g6 17. c3 c5 18. Bxb7 Qxb7 19. Qe4 Qxe4 20. Rxe4 cxd4 21. cxd4 Rac8 22. Bc3 Rc4 23. Rfe1 Rfc8 24. a3 Bxa3 25. R1e3 Bd6 26. g4 b5 27. f5 b4 28. Be1 gxf5 29. gxf5 exf5 30. Re8+ Rxe8 31. Rxe8+ Kg7 32. Ra8 Rxd4 33. Rxa6 Rd3 34. Rc6 Rd4 35. Kg2 f4 36. Kf3 f6 37. Rc2 Rd3+ 38. Kf2 Rb3 39. Bd2 Kg6 40. Bc1 Be5 41. Rd2 Rh3 42. Kg2 Rb3 43. Rf2 Kf5 44. Rf3 Rxf3 45. Kxf3 Bd6 46. b3 Be5 47. Bd2 Bd6 48. Bc1 h5 49. h4 Be5 50. Bd2 Bd6 51. Bc1 Be5 1/2-1/2

[Event "32.Schlosspark-Open"]
[Site "Wiesbaden-Biebrich"]
[Date "2023.08.25"]
[Round "3.67"]
[White "Eckert, Michael"]
[Black "Schmitt, Clemens"]
[Result "0-1"]
[WhiteElo "1570"]
[BlackElo "1798"]
[PlyCount "50"]
[EventDate "2023.??.??"]
[WhiteTeam "SK Herborn 1946"]
[BlackTeam "SV Bergwinkel"]

1. c4 c5 2. g3 g6 3. Bg2 Bg7 4. Nc3 Nc6 5. e3 e5 6. Nge2 d6 7. Rb1 Be6 8. d3 Qd7 9. a3 Bh3 10. O-O h5 11. f3 Nh6 12. Rf2 O-O 13. b4 Be6 14. Bd2 Rad8 15. b5 Ne7 16. a4 f5 17. f4 Ng4 18. Rf1 d5 19. cxd5 Nxd5 20. Nxd5 Bxd5 21. Bxd5+ Qxd5 22. d4 exd4 23. exd4 Bxd4+ 24. Nxd4 Qxd4+ 25. Kh1 Qxd2 0-1

[Event "32.Schlosspark-Open"]
[Site "Wiesbaden-Biebrich"]
[Date "2023.08.25"]
[Round "3.68"]
[White "Goodwin, David"]
[Black "Schmidt, Jörg"]
[Result "0-1"]
[WhiteElo "1467"]
[BlackElo "1784"]
[PlyCount "100"]
[EventDate "2023.??.??"]
[WhiteTeam "SV 1920 Kelsterbach"]
[BlackTeam "SK Niederbrechen 1948"]

1. Nf3 d5 2. g3 Nf6 3. Bg2 c6 4. d3 e6 5. O-O Bd6 6. Nbd2 Nbd7 7. a3 a5 8. c4 O-O 9. b3 Re8 10. Bb2 Nf8 11. cxd5 exd5 12. Rc1 Qe7 13. Bxf6 Qxf6 14. Ra1 Bg4 15. h3 Bh5 16. Re1 Rad8 17. Ra2 Ne6 18. Qa1 Be7 19. Qe5 Bg6 20. Qxf6 Bxf6 21. Rc2 Be7 22. Ne5 Bxa3 23. Nxg6 hxg6 24. e3 Nd4 25. Ra2 Bb4 26. Kf1 Bxd2 27. Rxd2 Nxb3 28. Rb2 a4 29. d4 Re7 30. Bf3 Na5 31. Be2 b5 32. Rc1 Nc4 33. Bxc4 dxc4 34. Rb4 Rd5 35. Rcb1 a3 36. Ra1 Ra7 37. Ke2 Rdd7 38. f4 f5 39. g4 Ra8 40. Ra2 Kf7 41. g5 Rd5 42. h4 Ra5 43. Rb1 c5 44. dxc5 Rxc5 45. Rba1 b4 46. Rd2 Rd5 47. Rd4 Rxd4 48. exd4 Rd5 49. Ke3 Ra5 50. Kd2 Ke6 0-1

[Event "32.Schlosspark-Open"]
[Site "Wiesbaden-Biebrich"]
[Date "2023.08.25"]
[Round "3.69"]
[White "Hafner, Hans-Peter"]
[Black "Frömbgen, Andreas"]
[Result "0-1"]
[WhiteElo "1155"]
[BlackElo "1776"]
[PlyCount "54"]
[EventDate "2023.??.??"]
[WhiteTeam "Sfr.Mainz 1928"]
[BlackTeam "SK Gau-Algesheim"]

1. e4 c5 2. Nf3 d6 3. d4 cxd4 4. Nxd4 Nf6 5. Nc3 a6 6. Be2 e5 7. Nf3 Be7 8. O-O O-O 9. Be3 Ng4 10. Qd2 Nxe3 11. Qxe3 Be6 12. Rad1 Qc7 13. Ng5 Bxg5 14. Qxg5 h6 15. Qg3 Nd7 16. f4 Nf6 17. fxe5 Qc5+ 18. Kh1 Qxe5 19. Qxe5 dxe5 20. b3 Rac8 21. Rd3 Rc6 22. Rg3 Kh8 23. h3 Rfc8 24. Rff3 Nh5 25. Rd3 Nxg3+ 26. Rxg3 Rxc3 27. Rxc3 Rxc3 0-1

[Event "32.Schlosspark-Open"]
[Site "Wiesbaden-Biebrich"]
[Date "2023.08.25"]
[Round "3.70"]
[White "Dohmes, Swidbert"]
[Black "Will, Elina"]
[Result "1/2-1/2"]
[WhiteElo "1733"]
[BlackElo "1295"]
[PlyCount "154"]
[EventDate "2023.??.??"]
[WhiteTeam "SV 1920 Hofheim"]
[BlackTeam "TuS Makkabi Wiesbaden"]

1. e4 e6 2. e5 Nc6 3. Nf3 d5 4. exd6 Bxd6 5. d4 Nf6 6. Be2 O-O 7. O-O e5 8. dxe5 Nxe5 9. Nxe5 Bxe5 10. Qxd8 Rxd8 11. c3 Bf5 12. Nd2 c6 13. Nc4 Bc7 14. Bg5 h6 15. Bh4 Bd3 16. Bxf6 Bxe2 17. Bxd8 Bxf1 18. Kxf1 Rxd8 19. Ke2 Kf8 20. Rd1 Rxd1 21. Kxd1 Ke7 22. Ke2 Ke6 23. Nd2 f5 24. h3 g5 25. g4 fxg4 26. hxg4 Bf4 27. Nf3 c5 28. c4 a6 29. a4 a5 30. Kd3 Bc1 31. b3 b6 32. Ke4 Bf4 33. Ne1 Bh2 34. Nd3 Bd6 35. Ke3 Bc7 36. Ke4 Bd6 37. Nb2 Be5 38. Nd1 Bh2 39. Nc3 Bc7 40. Nd5 Bd8 41. f3 Be7 42. Nxb6 Bd6 43. Nd5 Be5 44. Ne3 Bd6 45. Nd5 Be5 46. Ne3 Bd6 47. Nf5 Bf8 48. Ng3 Bd6 49. Ne2 Be5 50. Nc1 Bf4 51. Nd3 Bd6 52. Ke3 Ke7 53. Kd2 Ke6 54. Ke2 Kf6 55. Nf2 Ke6 56. Kd3 Ke5 57. Ke3 Bf8 58. Ne4 Be7 59. Nc3 Bd6 60. Nd5 Bf8 61. f4+ gxf4+ 62. Nxf4 Bd6 63. Nd3+ Kf6 64. Ke4 Ke6 65. Ne1 Be7 66. Nc2 Bd6 67. Ne3 Be7 68. Nd5 Bd6 69. Ne3 Be7 70. Nf5 Bf8 71. Kf4 Kf6 72. Ke4 Ke6 73. Nh4 Be7 74. Ng6 Bd6 75. Nf4+ Bxf4 76. Kxf4 Kf6 77. Ke4 Ke6 1/2-1/2

[Event "32.Schlosspark-Open"]
[Site "Wiesbaden-Biebrich"]
[Date "2023.08.25"]
[Round "3.71"]
[White "Potgieter, Edward"]
[Black "Gerber, Ingo"]
[Result "1-0"]
[WhiteElo "1719"]
[BlackElo "1533"]
[PlyCount "109"]
[EventDate "2023.??.??"]
[WhiteTeam "JNW Chess Club"]
[BlackTeam "Sfr.Mainz 1928"]

1. e4 e5 2. Bc4 Nf6 3. d3 h6 4. Nc3 Bb4 5. Nge2 c6 6. O-O O-O 7. a3 Ba5 8. Ba2 d6 9. f4 Bb6+ 10. Kh1 Ng4 11. Qe1 Ne3 12. Bxe3 Bxe3 13. Qg3 exf4 14. Nxf4 Bxf4 15. Rxf4 Be6 16. Raf1 Bxa2 17. Nxa2 Qe7 18. Rf6 Qe5 19. Rxd6 Qxg3 20. hxg3 Na6 21. d4 Rad8 22. Rxd8 Rxd8 23. c3 b6 24. Nb4 Nxb4 25. axb4 f6 26. Ra1 Rd7 27. Kg1 Kf7 28. Kf2 Ke6 29. g4 g6 30. Ke3 f5 31. gxf5+ gxf5 32. exf5+ Kxf5 33. c4 Re7+ 34. Kd3 Kf4 35. Rh1 Re3+ 36. Kd2 Rg3 37. Rxh6 Rxg2+ 38. Kc3 Rg3+ 39. Kc2 Ke4 40. Rh4+ Ke3 41. c5 Rg7 42. Kc3 Rg1 43. Rh6 Rc1+ 44. Kb3 Kxd4 45. Rd6+ Ke5 46. Rxc6 Kd5 47. Rd6+ Ke5 48. Rd7 bxc5 49. bxc5 a5 50. Rc7 Kd5 51. Ka4 Ra1+ 52. Kb5 Rb1 53. Rd7+ Ke6 54. Rd2 Rc1 55. c6 1-0

[Event "32.Schlosspark-Open"]
[Site "Wiesbaden-Biebrich"]
[Date "2023.08.25"]
[Round "3.72"]
[White "Herrmann, Gerhard"]
[Black "Alt, Johannes"]
[Result "1/2-1/2"]
[WhiteElo "1477"]
[BlackElo "1522"]
[PlyCount "27"]
[EventDate "2023.??.??"]
[WhiteTeam "SC Königsspringer Alzenau e.V"]
[BlackTeam "Sfr.Heidesheim"]

1. e4 e6 2. d4 d5 3. exd5 exd5 4. Bd3 Nf6 5. h3 Bd6 6. Nf3 O-O 7. O-O Be6 8. b3 c6 9. Bb2 h6 10. Nbd2 Nbd7 11. c4 Re8 12. Re1 Rc8 13. Ne5 c5 14. f4 1/2-1/2

[Event "32.Schlosspark-Open"]
[Site "Wiesbaden-Biebrich"]
[Date "2023.08.25"]
[Round "3.73"]
[White "Drewes, Thomas"]
[Black "Schmitz, Bernhard Hubert"]
[Result "1-0"]
[WhiteElo "1641"]
[BlackElo "1387"]
[PlyCount "55"]
[EventDate "2023.??.??"]
[WhiteTeam "SV Würzburg von 1865 e.V."]
[BlackTeam "Vorw.Orient Mainz"]

1. d4 Nf6 2. Nf3 b5 3. e3 a6 4. c4 bxc4 5. Bxc4 d5 6. Be2 Bb7 7. Qb3 Qc8 8. Nc3 e6 9. O-O Nbd7 10. Bd2 Bd6 11. Rfc1 O-O 12. Na4 Rb8 13. Qc2 c6 14. a3 Qe8 15. b4 Qe7 16. Nc5 Nxc5 17. bxc5 Bc7 18. Rab1 a5 19. Bd3 Rfd8 20. Ne5 Ba8 21. f4 Nd7 22. Bxh7+ Kh8 23. Bd3 Nxe5 24. fxe5 f6 25. Qd1 Rxb1 26. Qh5+ Kg8 27. Qh7+ Kf8 28. Qh8+ 1-0

[Event "32.Schlosspark-Open"]
[Site "Wiesbaden-Biebrich"]
[Date "2023.08.25"]
[Round "3.74"]
[White "Sefeloge, Michael"]
[Black "Chen, Lilly"]
[Result "1-0"]
[WhiteElo "1625"]
[BlackElo "920"]
[PlyCount "137"]
[EventDate "2023.??.??"]
[WhiteTeam "SV Turm Lahnstein"]
[BlackTeam "Sfr Stiller Zug Wiesbaden"]

1. d4 d6 2. c4 g6 3. e3 Bg7 4. Nf3 a6 5. Bd3 e6 6. Nbd2 Nd7 7. Qc2 b6 8. Be4 Ra7 9. b3 Ne7 10. Bb2 O-O 11. O-O Bb7 12. Bxb7 Rxb7 13. b4 h6 14. a3 Kh7 15. Ra2 Ng8 16. Nb3 Ndf6 17. Rc1 d5 18. c5 c6 19. cxb6 Rxb6 20. Na5 Ne7 21. Ne5 Qd6 22. Qa4 Rc8 23. Ba1 Nd7 24. Nxd7 Qxd7 25. Rac2 Rc7 26. Nb3 Rcb7 27. Nc5 Ra7 28. Nxd7 Rxd7 29. Rc5 Rc7 30. Qa5 Nc8 31. a4 Bf8 32. Qxb6 Nxb6 33. Rxc6 Rb7 34. Rc7 Rxc7 35. Rxc7 Kg7 36. Ra7 Bxb4 37. Rxa6 Nc4 38. Kf1 Nd2+ 39. Ke2 Nc4 40. Kd3 Kf8 41. Bc3 Bxc3 42. Kxc3 Ke7 43. Ra7+ Ke8 44. Rc7 f5 45. Rxc4 dxc4 46. Kxc4 Kd7 47. Kc5 Kc7 48. a5 Kb7 49. Kd6 Ka6 50. Kxe6 Kxa5 51. Kf6 Kb6 52. Kxg6 Kc6 53. Kxf5 Kd5 54. g4 Kd6 55. e4 Ke7 56. d5 Kf7 57. e5 Ke7 58. d6+ Kd7 59. h4 Ke8 60. e6 Kd8 61. g5 hxg5 62. hxg5 Ke8 63. g6 Kf8 64. d7 Ke7 65. g7 Kd6 66. g8=Q Kc5 67. d8=Q Kc4 68. e7+ Kc5 69. Qgd5+ 1-0

[Event "32.Schlosspark-Open"]
[Site "Wiesbaden-Biebrich"]
[Date "2023.08.25"]
[Round "3.76"]
[White "Wöhl, Torsten"]
[Black "Hübner, Kai"]
[Result "0-1"]
[WhiteElo "1450"]
[BlackElo "1591"]
[PlyCount "24"]
[EventDate "2023.??.??"]
[WhiteTeam "SC Groß-Zimmern"]
[BlackTeam "SC Flörsheim 1921"]

1. d4 f5 2. Nf3 e6 3. Bf4 b6 4. d5 Bd6 5. Ne5 Nf6 6. dxe6 dxe6 7. Nc3 O-O 8. Qd3 Bb7 9. O-O-O Nh5 10. Qc4 Nxf4 11. Qxf4 Qf6 12. Rxd6 cxd6 0-1

[Event "32.Schlosspark-Open"]
[Site "Wiesbaden-Biebrich"]
[Date "2023.08.25"]
[Round "3.77"]
[White "Machwirth, Ernst"]
[Black "Boscher, Hans"]
[Result "0-1"]
[WhiteElo "1410"]
[BlackElo "1634"]
[PlyCount "86"]
[EventDate "2023.??.??"]
[WhiteTeam "Sfr Stiller Zug Wiesbaden"]
[BlackTeam "SC Bad Soden"]

1. e4 e6 2. Nf3 d5 3. Nc3 c5 4. d3 Nc6 5. exd5 exd5 6. Be2 Nf6 7. Bg5 Be7 8. O-O O-O 9. a3 Re8 10. Qd2 Bg4 11. Rae1 h6 12. Bf4 a6 13. h3 Bh5 14. g4 Bg6 15. Ne5 Nxe5 16. Bxe5 d4 17. Nd1 Bd6 18. Bh2 Bxh2+ 19. Kxh2 Qd6+ 20. Kg2 Nd5 21. Rh1 Re7 22. Bf3 Rae8 23. Rxe7 Rxe7 24. Bxd5 Qxd5+ 25. f3 Qe5 26. Kf2 f6 27. f4 Qd6 28. Rf1 Be8 29. Kg3 Bc6 30. h4 Qe6 31. Qf2 Qe2 32. b3 Qxf2+ 33. Rxf2 Re1 34. Nb2 b5 35. f5 Rb1 36. Nc4 bxc4 37. dxc4 Rg1+ 38. Kh3 Re1 39. Kg3 a5 40. a4 Kf7 41. h5 Ke7 42. Kf4 Re4+ 43. Kg3 Kd6 0-1

[Event "32.Schlosspark-Open"]
[Site "Wiesbaden-Biebrich"]
[Date "2023.08.25"]
[Round "3.78"]
[White "Joshi, Kanad"]
[Black "Rotärmel, Leonie"]
[Result "1/2-1/2"]
[WhiteElo "1370"]
[BlackElo "1489"]
[PlyCount "98"]
[EventDate "2023.??.??"]
[WhiteTeam "SV Oberursel"]
[BlackTeam "SK Bad Homburg 1927"]

1. e4 c6 2. d3 d5 3. Nd2 Nd7 4. Ngf3 e5 5. g3 Ngf6 6. Bg2 Bd6 7. c3 O-O 8. O-O Re8 9. exd5 Nxd5 10. Ne4 Bc7 11. c4 N5f6 12. Bg5 h6 13. Bxf6 Nxf6 14. Re1 Nxe4 15. Rxe4 Bf5 16. Re3 Qd7 17. Qe2 f6 18. b4 a5 19. Qd2 axb4 20. Qxb4 Ba5 21. Qb3 Be6 22. Qc2 Bh3 23. Rd1 Bxg2 24. Kxg2 c5 25. Nh4 Bb4 26. Qe2 Qa4 27. Qg4 Qc6+ 28. Kg1 Qc7 29. Nf5 Kh8 30. Re2 Ra3 31. Rc1 Rxd3 32. Ne3 Rd2 33. Nd5 Qa5 34. Rc2 Rxc2 35. Rxc2 Qd8 36. Qg6 Ba5 37. Re2 Re6 38. f4 Qe8 39. Qg4 e4 40. f5 Re5 41. Nf4 e3 42. Ng6+ Kg8 43. Nxe5 Qxe5 44. Qf3 Bd2 45. g4 Qe7 46. Kg2 Kh8 47. Qd5 Qc7 48. Kf3 Qe7 49. Qd3 Qc7 1/2-1/2

[Event "32.Schlosspark-Open"]
[Site "Wiesbaden-Biebrich"]
[Date "2023.08.25"]
[Round "3.79"]
[White "Meuer, Stephan"]
[Black "Reiß, Peter"]
[Result "1/2-1/2"]
[WhiteElo "1268"]
[BlackElo "1594"]
[PlyCount "28"]
[EventDate "2023.??.??"]
[WhiteTeam "SV Turm Lahnstein"]
[BlackTeam "SV Multatuli Ingelheim e.V."]

1. e4 c5 2. c3 d5 3. exd5 Qxd5 4. d4 Nf6 5. h3 cxd4 6. Qxd4 Qxd4 7. cxd4 e6 8. Nf3 Bb4+ 9. Bd2 Bxd2+ 10. Nbxd2 O-O 11. Bc4 Rd8 12. Nb3 b6 13. O-O Ba6 14. Bxa6 Nxa6 1/2-1/2

[Event "32.Schlosspark-Open"]
[Site "Wiesbaden-Biebrich"]
[Date "2023.08.25"]
[Round "3.80"]
[White "Bartsch, Marius"]
[Black "Schuering, Jonas"]
[Result "1/2-1/2"]
[WhiteElo "1591"]
[BlackElo "1451"]
[PlyCount "58"]
[EventDate "2023.??.??"]
[WhiteTeam "Wiesbadener SV 1885"]
[BlackTeam "Trier"]

1. e4 e5 2. Nf3 Nf6 3. d3 Bc5 4. Be2 d6 5. c3 h6 6. O-O O-O 7. a4 a5 8. Na3 c6 9. Nc2 Qb6 10. d4 Bxd4 11. cxd4 exd4 12. Qxd4 c5 13. Qe3 Re8 14. Nd2 d5 15. e5 Nc6 16. f4 Bf5 17. Qf2 Ng4 18. Bxg4 Bxg4 19. Ne3 Be6 20. f5 Bd7 21. Nxd5 Qd8 22. Nf3 Bxf5 23. Qxc5 Nxe5 24. Nc3 Nxf3+ 25. Rxf3 Re1+ 26. Rf1 Rxf1+ 27. Kxf1 Qd3+ 28. Kg1 Re8 29. Bf4 Bg4 1/2-1/2

[Event "32.Schlosspark-Open"]
[Site "Wiesbaden-Biebrich"]
[Date "2023.08.25"]
[Round "3.81"]
[White "Fleck, Peter"]
[Black "Strache, Rolf"]
[Result "0-1"]
[WhiteElo "1240"]
[BlackElo "1575"]
[PlyCount "162"]
[EventDate "2023.??.??"]
[WhiteTeam "SC Flörsheim 1921"]
[BlackTeam "SK Herborn 1946"]

1. e4 c5 2. Nf3 d6 3. c3 Nc6 4. Bb5 Bd7 5. Bxc6 Bxc6 6. d3 Nf6 7. Nbd2 g6 8. O-O Bg7 9. Re1 O-O 10. d4 cxd4 11. Nxd4 Nd7 12. Nxc6 bxc6 13. Nf3 a5 14. Be3 Rb8 15. Rb1 c5 16. Qd2 Re8 17. Bh6 Bh8 18. h4 Ne5 19. h5 Nxf3+ 20. gxf3 Qd7 21. Kh2 Qe6 22. Rg1 Qe5+ 23. Rg3 Qxh5+ 24. Rh3 Qe5+ 25. Bf4 Qe6 26. Qd5 Qxd5 27. exd5 Bxc3 28. Rg1 Rxb2 29. Kg3 h5 30. Be3 Kh7 31. Rh4 Bf6 32. Ra4 Bc3 33. Rc1 Rb4 34. Rxa5 Bf6 35. f4 Rc8 36. Ra7 c4 37. Ra6 c3 38. Rc6 Ra8 39. Rc2 Rba4 40. f3 Rxa2 41. Rxa2 Rxa2 42. f5 Ra5 43. fxg6+ fxg6 44. Rc4 Rxd5 45. Kg2 Rd3 46. Kf2 Rd5 47. Ke2 h4 48. Rg4 h3 49. Rg1 Rh5 50. Bf4 Be5 51. Be3 d5 52. f4 Bf6 53. Kd3 h2 54. Rh1 Rh3 55. Ke2 d4 56. Bc1 d3+ 57. Ke1 d2+ 58. Bxd2 cxd2+ 59. Kxd2 Kg7 60. Ke2 Ra3 61. Kf2 Ra2+ 62. Kg3 Kf7 63. Rxh2 Rxh2 64. Kxh2 Ke6 65. Kg3 Kf5 66. Kf3 Bb2 67. Ke2 Kxf4 68. Kf2 g5 69. Kg2 g4 70. Kf2 e5 71. Kg2 Bd4 72. Kf1 Kf3 73. Ke1 g3 74. Kd2 g2 75. Kc2 g1=Q 76. Kb3 Qb1+ 77. Ka4 e4 78. Ka5 e3 79. Ka4 e2 80. Ka5 e1=Q+ 81. Ka4 Qbb4# 0-1